书目信息 |
| 题名: |
环境风险源识别与监控
|
|
| 作者: | 宋永会 , 彭剑峰 , 袁鹏 著 | |
| 分册: | ||
| 出版信息: | 北京 科学出版社 2015.05 |
|
| 页数: | 254页 | |
| 开本: | 27cm | |
| 丛书名: | ||
| 单 册: | ||
| 中图分类: | X820.4 | |
| 科图分类: | ||
| 主题词: | 环境质量--风险分析 | |
| 电子资源: | ||
| ISBN: | 978-7-03-043549-1 | |
| 000 | 00830nam0 2200241 450 | |
| 001 | 3829 | |
| 005 | 20181008154437.15 | |
| 010 | @a978-7-03-043549-1@b精装@dCNY138.00 | |
| 100 | @a20150712d2015 em y0chiy50 ea | |
| 101 | 0 | @achi |
| 102 | @aCN@b110000 | |
| 105 | @aa z 000yy | |
| 200 | 1 | @a环境风险源识别与监控@9huan jing feng xian yuan shi bie yu jian kong@f宋永会,彭剑峰,袁鹏等著 |
| 210 | @a北京@c科学出版社@d2015.05 | |
| 215 | @a254页@c图表@d27cm | |
| 330 | @a本书共8章,论述了环境风险源分类、识别和分级的理论与技术方法;阐述了构建重点环境风险源监控指标体系与监控技术库的方法。 | |
| 606 | 0 | @a环境质量@x风险分析 |
| 690 | @aX820.4@v5 | |
| 701 | 0 | @a宋永会@9song yong hui@4著 |
| 701 | 0 | @a彭剑峰@9peng jian feng@4著 |
| 701 | 0 | @a袁鹏@9yuan peng@4著 |
| 801 | 0 | @aCN@b91MARC@c20150712 |
| 905 | @aMuseLib@dX820.4@e273 | |
| 环境风险源识别与监控/宋永会,彭剑峰,袁鹏等著.-北京:科学出版社,2015.05 |
| 254页:图表;27cm |
| ISBN 978-7-03-043549-1(精装):CNY138.00 |
| 本书共8章,论述了环境风险源分类、识别和分级的理论与技术方法;阐述了构建重点环境风险源监控指标体系与监控技术库的方法。 |
| ● |
| 相关链接 |
|
|
|
|
正题名:环境风险源识别与监控
索取号:X820.4/273
 
预约/预借
| 序号 | 登录号 | 条形码 | 馆藏地/架位号 | 状态 | 备注 |
| 1 | 1123877 | 211238775 | 第二样本阅览室/ [索取号:X820.4/273] | 在馆 | |
| 2 | 1123878 | 211238784 | 第三借阅区/ [索取号:X820.4/273] | 在馆 | |
| 3 | 1123879 | 211238793 | 第三借阅区/ [索取号:X820.4/273] | 在馆 |